000 01001nam a2200349 a 4500
003 AR-BaBNM
005 20251128203729.0
008 082120s2002 ||||||||||||||000 | spa||
040 _cAR-BaBNM
100 1 _aD'Amico, Silvio
245 0 0 _aHistoria del teatro universal
_bel teatro contemporáneo : teatro oriental. 4
260 _aBuenos Aires
_bLosada
_c1956
300 _a519 p.
_bláms., il.
500 _aContiene referencias bibliográficas en p. 445
500 _aIndice de nombres de toda la obra en p. 481
650 4 _aHISTORIA DEL ARTE
650 4 _aARTE MODERNO
650 4 _aARTE DE VANGUARDIA
650 4 _aARTE EUROPEO
650 4 _aARTE POPULAR
650 4 _aTEATRO
650 4 _aARTES ESCENICAS
650 4 _aVIDA TEATRAL
650 4 _aEDIFICIOS DE TEATRO
650 4 _aCRITICA LITERARIA
650 4 _aARTE CONTEMPORANEO
650 4 _aARTE ORIENTAL
653 _aCRITICA TEATRAL
700 1 _aPezzoni, Enrique
_etraductor
942 _cBK
998 _cMARTIN
999 _c4687
_d4687